| 000 | 00536nam a22001937a 4500 | ||
|---|---|---|---|
| 003 | KOHA_MİRAKIL | ||
| 005 | 20251006092137.0 | ||
| 008 | 251006b tu ||||| |||| 00| 0 tur d | ||
| 020 | _a9786058063839 | ||
| 040 |
_aTR-AnABB _btur _cTR-AnABB |
||
| 041 | _atur | ||
| 082 |
_a813.42 _bMEN 2021 |
||
| 100 | 1 | _aMenekay, Serra, | |
| 245 | 1 | 0 |
_aAluşta'dan esen yeller / _cSerra Menekay |
| 260 |
_aAnkara : _bGaleati Yayıncılık, _c2021 |
||
| 300 |
_a456 sayfa ; _c20 cm |
||
| 650 | 0 | 4 | _aTürk edebiyatı, roman |
| 942 |
_2ddc _cBK |
||
| 999 |
_c9089 _d9089 |
||
| 900 | _bGizem YORULMAZ | ||